00796nam a22002297a 45000010005000000030006000050050017000110080041000280200018000690400029000870500012001160820011001281000027001392450037001662500009002032600044002123000045002565200181003016500036004826500016005187000032005344933FISKH20241025120357.0241025b cb ||||| |||| 00| 0 eng d a9780778741022 aFISKHbengcFISKHdFISKH aTD793.9 a363.72 aHewitt, Sallyd(1949-) aReduce and reuse /cSally Hewitt a2009 aNew York :bCrabtree Publishing,c2009. a32 pages :bColor illustrations ;c27 cm aThis is one in a series of involving books that encourage readers interested in the environment to join the green team and see how they can make a difference in a hands-on way. 2EnvironmentaRecyclingvScience 2Non-fiction aAnscomb, JasondIllustrator